Seven wonders of the world / (Record no. 56265)

MARC details
000 -LEADER
fixed length control field 00776nam a22002537a 4500
005 - DATE AND TIME OF LATEST TRANSACTION
control field 20171101162624.0
010 ## - LCCN (DPL NO)
LC control number G-001251 ENG-120969
020 ## - INTERNATIONAL STANDARD BOOK NUMBER
International Standard Book Number 9788190461603
Terms of availability 495.00
035 ## - SYSTEM CONTROL NUMBER
System control number G-001251 EN-104501
037 ## - SOURCE OF ACQUISITION
Source of stock number/acquisition Gift
037 ## - SOURCE OF ACQUISITION
Source of stock number/acquisition DBAD/PUB
082 ## - DEWEY DECIMAL CLASSIFICATION NUMBER
Classification number 909.09
100 ## - MAIN ENTRY--PERSONAL NAME
Personal name Munjall, Praduman
245 ## - TITLE STATEMENT
Title Seven wonders of the world /
Statement of responsibility, etc by Praduman Munjaal
246 ## - VARYING FORM OF TITLE
Title proper/short title 7 wonders of the world
260 ## - PUBLICATION, DISTRIBUTION, ETC. (IMPRINT)
Place of publication, distribution, etc Panchkula :
Name of publisher, distributor, etc Swastik Prakashan,
Date of publication, distribution, etc 2008.
270 ## - ADDRESS
Address SCO 43, Ist Floor, Swastik Vihar, MDC,
City Panchkula
Postal code 134112
Telephone number 0172-2593612
300 ## - PHYSICAL DESCRIPTION
Extent 236 p.
Dimensions 24 cm (Hb)
650 ## - SUBJECT ADDED ENTRY--TOPICAL TERM
Topical term or geographic name as entry element Architecture
650 ## - SUBJECT ADDED ENTRY--TOPICAL TERM
Topical term or geographic name as entry element Engineering
650 ## - SUBJECT ADDED ENTRY--TOPICAL TERM
Topical term or geographic name as entry element Curiosities and wonders
650 ## - SUBJECT ADDED ENTRY--TOPICAL TERM
Topical term or geographic name as entry element Archaeology, Medieval
942 ## - ADDED ENTRY ELEMENTS (KOHA)
Source of classification or shelving scheme Dewey Decimal Classification
Item type English Books
Classification part 909.09
Call number suffix MUN
Holdings
Withdrawn status Lost status Not for loan Collection code Home library Current library Date acquired Source of acquisition Cost, normal purchase price Full call number Barcode Copy number Cost, replacement price Koha item type
    Not For Loan Non-fiction D.B.Act.Division Bawana 11/10/2017 DBAD/PUB 495.00 909.09 MUN EN-104501 1 495.00 English Books
      Non-fiction Janak Puri Janak Puri 05/09/2011 bppd/gift 495.00 909.09 MUN G-001251 1 495.00 English Books

© Delhi Public Library
Hit Counter
free hit counter